Obtaining and characterization of TiO₂ by dip coating for UV-blocking applications

This study reports on the synthesis and characterization of thin films of titanium dioxide (TiO₂) with a focus on their ultraviolet (UV) blocking properties. The thin films were obtained through a sol-gel method, deposited by dip-coating, and subsequently annealed to enhance structural and optical p...

Teljes leírás

Elmentve itt :
Bibliográfiai részletek
Szerzők: Rus Florina Stefania
Cadis Adrian Ionut
Buhagiar Joseph P.
Mallia Bertram
Vella Daniel A.
Testületi szerző: 31th International Symposium on Analytical and Environmental Problems
Dokumentumtípus: Könyv része
Megjelent: University of Szeged Szeged 2025
Sorozat:Proceedings of the International Symposium on Analytical and Environmental Problems 31
Kulcsszavak:Nanotechnológia, Felületkezelés
Tárgyszavak:
Online Access:http://acta.bibl.u-szeged.hu/88674
LEADER 02084naa a2200277 i 4500
001 acta88674
005 20251110132908.0
008 251110s2025 hu o 100 eng d
020 |a 978-963-688-078-1 
040 |a SZTE Egyetemi Kiadványok Repozitórium  |b hun 
041 |a eng 
100 1 |a Rus Florina Stefania 
245 1 0 |a Obtaining and characterization of TiO₂ by dip coating for UV-blocking applications  |h [elektronikus dokumentum] /  |c  Rus Florina Stefania 
260 |a University of Szeged  |b Szeged  |c 2025 
300 |a 216-220 
490 0 |a Proceedings of the International Symposium on Analytical and Environmental Problems  |v 31 
520 3 |a This study reports on the synthesis and characterization of thin films of titanium dioxide (TiO₂) with a focus on their ultraviolet (UV) blocking properties. The thin films were obtained through a sol-gel method, deposited by dip-coating, and subsequently annealed to enhance structural and optical properties. Various precursor solutions, solvents, and deposition speeds were investigated to optimize film quality. The films were analyzed using X-ray diffraction (XRD), Raman spectroscopy, and UV-Vis-NIR spectroscopy. Results showed that the deposited films were well-crystallized, highly transparent in the visible range, and had efficient UV-blocking properties. The results suggest that these thin films are promising candidates for applications in protective coatings and UV filters for high-temperature working materials, combining effective UV shielding with favorable optical transparency in the visible spectrum at high temperatures. 
650 4 |a Természettudományok 
650 4 |a Kémiai tudományok 
695 |a Nanotechnológia, Felületkezelés 
700 0 1 |a Cadis Adrian Ionut  |e aut 
700 0 1 |a Buhagiar Joseph P.  |e aut 
700 0 1 |a Mallia Bertram  |e aut 
700 0 1 |a Vella Daniel A.  |e aut 
711 |a 31th International Symposium on Analytical and Environmental Problems  |c Szeged  |d 2025. október 13-14. 
856 4 0 |u http://acta.bibl.u-szeged.hu/88674/1/proceedings_of_isaep_2025_216-220.pdf  |z Dokumentum-elérés